[Event "OP-2018-0-04640"]
[Site "LSS email"]
[Date "2018.08.29"]
[Round "?"]
[White "Calim, Bora"]
[Black "Correa de Almeida, Claudio"]
[Result "1-0"]
[WhiteElo "800"]
[BlackElo "1604"]
[PlyCount "67"]
[EventDate "2018.08.22"]
[EventType "tourn (corr)"]
[EventRounds "4"]
[EventCountry "GER"]
[SourceTitle "Corr 2022"]
[Source "ChessBase"]
[SourceDate "2021.10.24"]
[SourceVersion "1"]
[SourceVersionDate "2021.10.24"]
[SourceQuality "1"]

1. d4 Nf6 2. Bg5 d5 3. Nd2 c5 4. e3 Qb6 5. Ngf3 cxd4 6. exd4 Nc6 7. Nb3 Ne4 8. Be3 Bg4 9. h3 Bh5 10. Bd3 Rd8 11. c3 f6 12. Qc2 Kf7 13. g4 Bg6 14. Nh4 Qc7 15. Nxg6 hxg6 16. 0-0-0 e6 17. f3 Qg3 18. fxe4 Qxe3+ 19. Kb1 Ne7 20. Rde1 Qg3 21. Qe2 Rd6 22. Nc5 Rb6 23. a4 a5 24. Bb5 Qc7 25. exd5 exd5 26. Bd7 Kg8 27. Be6+ Kh7 28. h4 Qg3 29. Nd7 Rd6 30. g5 Rxd7 31. h5 Qxg5 32. hxg6+ Kxg6 33. Rxh8 Rd6 34. Bg4 1-0